Rangeland degradation and recovery in China's pastoral lands (Record no. 165385)
[ view plain ]
| 000 -LEADER | |
|---|---|
| fixed length control field | 01585nam a2200349 a 4500 |
| 082 04 - DEWEY DECIMAL CLASSIFICATION NUMBER | |
| Classification number | 636.08/450951 |
| 245 00 - TITLE STATEMENT | |
| Title | Rangeland degradation and recovery in China's pastoral lands |
| 260 ## - PUBLICATION, DISTRIBUTION, ETC. (IMPRINT) | |
| Place of publication | Cambridge, Mass. : |
| Name of publisher | CABI North American Office, |
| Year of publication | 2009. |
| 300 ## - PHYSICAL DESCRIPTION | |
| Number of Pages | xiii, 264 p. : |
| Other physical details | ill., maps. |
| 505 0# - FORMATTED CONTENTS NOTE | |
| Formatted contents note | pt. 1. Introduction -- pt. 2. Mechanisms of rangeland degradation and recovery -- pt. 3. Case studies of degradation and recovery -- pt. 4. The future - how to prevent the next major degradation episode. |
| 650 #0 - SUBJECT ADDED ENTRY--TOPICAL TERM | |
| Topical Term | Land degradation |
| Topical Term | Rangelands |
| Topical Term | Range management |
| 700 1# - ADDED ENTRY--PERSONAL NAME | |
| Personal name | Squires, V. R. |
| 856 40 - ELECTRONIC LOCATION AND ACCESS | |
| Uniform Resource Identifier | http://site.ebrary.com/lib/rucke/Doc?id=10314671 |
No items available.
